[Event "Saint Louis Invitational-B 2019"]
[Site "Saint Louis"]
[Date "2019.11.23"]
[Round "4.2"]
[White "Cervantes Landeiro, Thalia"]
[Black "Arias Santana, Mauricio"]
[Result "1-0"]
[WhiteElo "2227"]
[BlackElo "2292"]
[Annotator "TA"]
[PlyCount "141"]
[EventDate "2019.11.21"]
[EventType "tourn"]
[EventCountry "USA"]
[SourceTitle "playchess.com"]
[Source "ChessBase"]
[SourceQuality "1"]

{[%evp 24,149,70,62,99,104,109,97,115,110,108,107,130,95,140,142,149,0,138,137,135,140,136,87,237,189,324,324,297,312,364,356,331,326,398,396,400,397,377,335,285,334,252,251,934,909,1586,1534,1534,528,1265,1231,1702,1670,29942,2337,4806,12847,29942,29953,29954,29956,29957,29958,29958,29959,29961,29952,29957,29956,5691,4810,29964,29960,29961,29962,29959,29961,29962,29961,29954,5677,29963,29965,29966,29963,29963,29964,29963,29963,29964,29964,29965,29967,29969,29962,29965,29960,29966,29967,29966,0,29969,29971,29968,29971,29971,29973,29972,29973,29975,29976,29976,29977,29977,29978,29978,29979,29979,29978,29978,0,29979,29980,29980,29981,29979,29980]} 1. d4 Nf6 2. c4 c5 3. d5 b5 4. cxb5 a6 5. bxa6 g6 6. Nc3 Bg7 7. Nf3 Bxa6 8. e4 Bxf1 9. Kxf1 d6 10. g3 O-O 11. Kg2 Nbd7 12. a4 Qb6 13. Qc2 Rfb8 {A59: Benko/Volga Gambit: White castles by hand} 14. Nb5 Ne8 15. Nd2 (15. Bd2 Nc7 16. Nxc7 Qxc7 17. Rab1 Qa7 18. a5 Rb5 19. b4 Rab8 20. bxc5 Nxc5 21. Rxb5 Rxb5 {1-0 (41) L'Ami,E (2644)-Hertneck,G (2492) Germany 2019}) 15... Qa6 {[#] And now ...Rxb5 would win.White is better.} 16. Ra3 $1 Rb7 $146 ({Predecessor:} 16... Nb6 17. b3 Rc8 18. Nc4 Nc7 19. Nxc7 Rxc7 20. Bd2 Nd7 21. a5 {½-½ (30) Palczert,B (1898)-Pilch,R (2129) Jastrzebie Zdroj 2018}) 17. Nc4 Nc7 18. Bg5 Kf8 19. Bf4 {[%cal Rc4d6]} Kg8 20. Bg5 (20. Nxc7 $16 Rxc7 21. a5) 20... Re8 (20... Kf8 $1 $11 {remains equal.}) 21. Nxc7 $16 Rxc7 22. a5 $36 {[%mdl 2048] White is really pushing.} Rb7 23. Qa4 e6 (23... Reb8 $16 {was necessary.}) 24. Nb6 exd5 (24... Qa7 {was worth a try.} 25. Rd1 Bd4 26. dxe6 Rxe6) 25. Nxd7 $18 {Nf6+ is the strong threat.} ({Not} 25. Nxd5 Bxb2 26. Rb3 Rxb3 $14) 25... Rxe4 26. Re3 Rxe3 ({Worse is} 26... Rxa4 27. Re8+ Bf8 28. Bh6 Qa8 29. Rxa8 Rb8 30. Rxb8 Rxa5 31. Rxf8#) 27. Bxe3 {Hoping for Nxc5!} d4 28. Bg5 {Black must now prevent Re1.} Rb4 29. Qa3 Qb7+ 30. Qf3 h6 31. Nf6+ Kh8 32. Re1 {Re8+ would kill now.} Qxf3+ 33. Kxf3 Rb3+ $2 (33... hxg5 34. Re8+ Bf8) 34. Kg2 {White threatens Re8+ and mate.} hxg5 {[%mdl 4096] Endgame KRB-KRN} 35. Re8+ Bf8 36. Rxf8+ {KRN-KR} Kg7 37. a6 Rxb2 {[#]} 38. a7 $1 {[%mdl 512]} Ra2 39. a8=Q Rxa8 40. Rxa8 Kxf6 {KR-KP} 41. Re8 g4 42. Kf1 Kf5 43. Ke2 c4 44. Kd2 d5 45. Re7 Kf6 46. Re1 Kf5 47. Re2 g5 48. Re8 Kf6 49. Ke2 Kf5 50. Re7 Kf6 51. Ra7 Ke6 52. Rb7 f6 53. Rb6+ Ke5 54. Rb8 Ke6 55. Re8+ Kd7 56. Ra8 Kd6 57. Kd2 Ke6 58. Re8+ Kd7 59. Rh8 Ke6 60. Rh7 Ke5 61. Re7+ Kd6 62. Re8 Kd7 $1 {[%cal Rd7e8]} 63. Re1 Kd6 64. Rf1 Ke5 65. f3 gxf3 66. Rxf3 g4 67. Rf4 f5 68. Kc2 d3+ 69. Kc3 Ke6 70. Kd4 Kf6 71. Rf2 {Played: Rf4-f1} 1-0

[Event "Saint Louis Invitational-B 2019"]
[Site "Saint Louis"]
[Date "2019.11.23"]
[Round "4.3"]
[White "Krykun, Yuriy"]
[Black "Gauri, Shankar"]
[Result "1-0"]
[WhiteElo "2382"]
[BlackElo "2340"]
[Annotator "TA"]
[PlyCount "125"]
[EventDate "2019.11.21"]
[EventType "tourn"]
[EventCountry "USA"]
[SourceTitle "playchess.com"]
[Source "ChessBase"]
[SourceQuality "1"]

{[%evp 19,125,29,30,30,27,-15,46,24,19,21,27,19,26,22,32,29,37,8,24,27,41,5,16,8,51,27,140,71,62,25,24,31,27,33,23,0,10,0,0,0,0,0,0,0,0,0,0,0,0,0,0,0,0,0,0,0,0,0,16,12,23,33,25,0,0,0,0,0,0,0,0,0,0,0,0,0,283,304,307,293,310,8,304,281,270,278,273,267,260,257,443,422,795,792,780,552,741,650,29952,10515,29974,29976,29965,29967,29984,29985,29985,29986]} 1. Nf3 Nf6 2. c4 b6 3. g3 c5 4. Bg2 Bb7 5. O-O g6 6. b3 Bg7 7. Bb2 O-O 8. d4 cxd4 9. Qxd4 d6 10. Nc3 Nbd7 11. Qd2 {A30: Symmetrical English: Double Fianchetto and Hedgehog} a6 12. Rfd1 Rc8 (12... b5 $11) 13. Nd4 {White is slightly better.} Bxg2 14. Kxg2 Qc7 15. f3 Qb7 16. e4 Rfd8 17. Rac1 e6 {[#]} 18. Qe2 $146 ({Predecessor:} 18. Rc2 Ne5 19. Rdc1 Qa8 {½-½ (72) Kortschnoj,V (2635)-Adorjan,A (2570) Wijk aan Zee 1984}) 18... h5 19. Ba3 Ne5 20. f4 Nc6 21. Nf3 Qb8 22. Rc2 Na5 (22... Ne8 $11 {keeps the balance.}) 23. Rcd2 (23. f5 $142 $1) 23... Ne8 $16 24. e5 (24. Bb2 {keeps more tension.} Nc6 25. f5 Bh6 26. Rc2 Qb7 27. Bc1) 24... dxe5 25. Rxd8 Rxd8 26. Rxd8 Qxd8 27. Nxe5 Nf6 28. Bb4 Ng4 29. Nxg4 hxg4 30. Bxa5 bxa5 31. Ne4 Qa8 32. Kf1 f5 33. Nf2 Qc6 34. Qd3 Bf8 35. h3 gxh3 36. Nxh3 Qh1+ 37. Ng1 Qh2 38. Qe3 Kf7 39. Nf3 Qh1+ 40. Kf2 Be7 41. c5 Qa1 42. Nd4 {And now c6 would win.} Qxa2+ 43. Kf3 Qb1 44. Qxe6+ Kf8 45. Qc4 {Black must now prevent c6.} Qh1+ 46. Ke2 {c6 is the strong threat.} Qg2+ 47. Kd1 {Hoping for c6.} Qxg3 $2 {[%mdl 8192] [#]} (47... Qg1+ $11 {and Black stays safe.} 48. Kc2 Qg2+ 49. Kc1 (49. Ne2 Qc6 $11) 49... Qxg3) 48. c6 $1 $18 {[%cal Rc6c7]} Qg1+ 49. Kc2 Qf2+ {[#]} 50. Kb1 $1 {Threatens to win with c7.} ({Worse is} 50. Ne2 Bd6 $11) 50... Qe1+ $2 {[%mdl 8192]} (50... Qg1+ $1 $11 {and Black is okay.} 51. Ka2 Bd6) 51. Ka2 Bd6 {next ...Qd2+ is good for Black.} 52. c7 Qd2+ 53. Nc2 Bxc7 54. Qxc7 a4 $2 (54... Qc1 {was called for.} 55. Qd6+ Kg7) 55. bxa4 g5 (55... Kg8 $142 56. a5 Qd1) 56. fxg5 Qxg5 57. Qc8+ Kf7 58. Qb7+ Kg6 59. Qxa6+ Kh5 60. Qe2+ {White mates.} Kh6 61. Nd4 Qf4 62. Qe6+ {[%mdl 64] Double Attack} Kg5 {[#]} 63. Qxf5+ $1 {Accuracy: White = 63%, Black = 32%.} 1-0

[Event "Saint Louis Invitational-B 2019"]
[Site "Saint Louis"]
[Date "2019.11.23"]
[Round "4.4"]
[White "Kiewra, Keaton"]
[Black "Polgar-Shutzman, Tom"]
[Result "1-0"]
[WhiteElo "2372"]
[BlackElo "2234"]
[Annotator "TA"]
[PlyCount "101"]
[EventDate "2019.11.21"]
[EventType "tourn"]
[EventCountry "USA"]
[SourceTitle "playchess.com"]
[Source "ChessBase"]
[SourceQuality "1"]

{[%evp 9,101,0,16,0,47,-8,-4,-7,37,45,45,41,37,48,38,44,55,43,37,36,42,0,44,28,24,9,1,0,29,4,60,68,66,55,112,94,86,64,99,104,107,92,128,129,175,172,184,152,179,153,211,0,178,0,204,204,190,190,269,260,266,258,395,393,384,382,384,403,417,404,410,393,392,394,460,468,448,460,449,443,439,424,538,531,557,556,551,553,583,576,584,540,1119,1118]} 1. d4 Nf6 2. Bg5 d5 3. Nd2 c5 4. Bxf6 (4. e3 Nc6 5. c3 e6 6. Ngf3 Be7 7. Bd3 b6 8. O-O Bb7 9. a4 O-O 10. Ne5 Nxe5 11. dxe5 Ne4 12. Bxe7 Qxe7 13. Bxe4 dxe4 14. Qg4 Qc7 15. Nc4 {½-½ (33) Artemiev,V (2746)-Le,Q (2708) Khanty-Mansiysk 2019}) 4... gxf6 5. dxc5 Nc6 6. e4 {D00: 1 d4 d5: Unusual lines} e5 $146 ({Predecessor:} 6... dxe4 7. Nxe4 Bf5 8. Qxd8+ Rxd8 9. Bd3 Rd5 10. Ne2 Bxe4 11. Bxe4 Rxc5 {½-½ (42) Winterberg,L (2255)-Vanheirzeele,D (2110) Belgium 2013}) 7. Ngf3 (7. Qh5 $14) 7... Be6 $11 8. exd5 {The position is equal.} Bxd5 9. Bc4 Bxc4 10. Nxc4 Bxc5 11. Qe2 Qd7 12. Rd1 Qe6 13. O-O O-O 14. Qe4 Rad8 15. Nh4 Kh8 16. c3 Ne7 17. b3 b5 $132 {[%mdl 2048] Black is not keeping still} 18. Ne3 Rg8 19. g3 a5 (19... Bxe3 $11 20. fxe3 a5) 20. Nef5 $14 Nxf5 21. Nxf5 Rge8 ({Black should try} 21... Rc8 $14) 22. Kg2 Bf8 23. g4 Rd7 24. Rxd7 Qxd7 25. Ne3 Qc7 26. Rd1 Kg8 {[#]} 27. Nd5 $1 {[%mdl 512]} Qd6 28. Rd3 h6 29. Ne3 Qe6 (29... Qc7 $16 {is a better defense.} 30. Nd5 Qd8) 30. Nd5 {aiming for Nc7.} Qd6 $1 31. Ne3 Qe6 $1 {[#]} 32. Qb7 $1 b4 {[#] intending ...e4.} 33. c4 $1 Rc8 (33... a4 $142 34. Qe4 (34. bxa4 Bc5 $16) 34... Qa6) 34. Rd7 $18 Re8 35. Qd5 a4 (35... Rc8 {keeps fighting.} 36. h3 Bc5) 36. bxa4 Qxd5+ 37. Rxd5 {[%mdl 4096] Endgame KRB-KRN} ({Weaker is} 37. Nxd5 Ra8 $16) 37... Ra8 38. a5 Be7 39. Rb5 Kf8 40. Nd5 Bd8 41. Rxb4 Rxa5 42. Rb8 {White is clearly winning.} Ke8 43. Nxf6+ Ke7 44. Ng8+ Kd7 45. Nxh6 f6 46. Rb2 Ke6 47. Nf5 Rc5 48. Ne3 Ra5 49. Kf3 Be7 50. Ke4 Bc5 51. Rb5 {Accuracy: White = 68%, Black = 35%.} 1-0

[Event "Saint Louis Invitational-B 2019"]
[Site "Saint Louis"]
[Date "2019.11.23"]
[Round "4.5"]
[White "Torres Rosas, Luis Carlos"]
[Black "Stearman, Josiah"]
[Result "1-0"]
[WhiteElo "2360"]
[BlackElo "2341"]
[Annotator "ChessBase"]
[PlyCount "57"]
[EventDate "2019.11.21"]
[EventType "tourn"]
[EventCountry "USA"]
[SourceTitle "playchess.com"]
[Source "ChessBase"]
[SourceQuality "1"]
[TimeControl "5400+30"]

1. d4 {[%emt 0:02:51]} d5 {[%emt 0:00:00]} 2. c4 {[%emt 0:00:07]} c6 {[%emt 0:00:00]} 3. Nf3 {[%emt 0:00:05]} Nf6 {[%emt 0:00:00]} 4. Nc3 {[%emt 0:00:09]} dxc4 {[%emt 0:00:00]} 5. e4 {[%emt 0:00:05]} b5 {[%emt 0:00:34]} 6. Be2 {[%emt 0:00:45]} b4 {[%emt 0:02:20]} 7. Na4 {[%emt 0:00:08]} Nxe4 {[%emt 0:13:26]} 8. Bxc4 {[%emt 0:00:15]} e6 {[%emt 0:03:05]} 9. O-O {[%emt 0:00:06]} Bd6 {[%emt 0:01:01]} 10. Qe2 {[%emt 0:00:12]} Nf6 {[%emt 0:00:50]} 11. Bg5 {[%emt 0:00:51]} O-O {[%emt 0:01:43]} 12. Nc5 {[%emt 0:00:49]} h6 {[%emt 0:02:52]} 13. Bh4 {[%emt 0:00:15]} g5 {[%emt 0:02:40]} 14. Bg3 {[%emt 0:10:05]} Bxg3 {[%emt 0:00:30]} 15. fxg3 {[%emt 0:00:22]} g4 {[%emt 0:03:36]} 16. Ne5 {[%emt 0:05:06]} Qxd4+ {[%emt 0:00:10]} 17. Kh1 {[%emt 0:00:07]} Kg7 {[%emt 0:00:32]} 18. Ncd3 {[%emt 0:13:38]} Qe4 {[%emt 0:29:59]} 19. Qf2 {[%emt 0:03:21]} Qf5 {[%emt 0:03:15]} 20. Qd4 {[%emt 0:05:49]} Qe4 {[%emt 0:01:38]} 21. Qd6 {[%emt 0:03:09]} Nbd7 {[%emt 0:07:47]} 22. Rf4 {[%emt 0:08:15]} Qe3 {[%emt 0:04:45]} 23. Raf1 {[%emt 0:02:30]} c5 {[%emt 0:12:01]} 24. Qe7 {[%emt 0:04:52]} h5 {[%emt 0:06:37]} 25. Nxd7 {[%emt 0:00:45]} Nxd7 {[%emt 0:01:49]} 26. Rxf7+ {[%emt 0:00:06]} Rxf7 {[%emt 0:00:16]} 27. Rxf7+ {[%emt 0:00:33]} Kh6 {[%emt 0:00:10]} 28. Rh7+ {[%emt 0:00:09]} Kg6 {[%emt 0:00:03]} 29. Qf7+ {[%emt 0:00:06]} 1-0

[Event "Saint Louis Invitational-B 2019"]
[Site "Saint Louis"]
[Date "2019.11.23"]
[Round "5.1"]
[White "Stearman, Josiah"]
[Black "Proleiko, Julian"]
[Result "1-0"]
[WhiteElo "2341"]
[BlackElo "2170"]
[Annotator "TA"]
[PlyCount "87"]
[EventDate "2019.11.21"]
[EventType "tourn"]
[EventCountry "USA"]
[SourceTitle "playchess.com"]
[Source "ChessBase"]
[SourceQuality "1"]

{[%evp 9,129,9,8,8,13,11,27,19,14,0,0,0,0,0,37,0,0,0,0,-35,-14,-14,0,-14,0,-13,0,-49,22,0,34,10,68,43,47,44,80,82,87,81,82,81,93,93,93,87,90,89,87,86,94,94,131,94,94,94,94,46,47,47,55,0,0,0,49,46,46,0,29,-7,-7,-7,-7,-7,-7,-29,-29,-29,-3,-54,0,0,0,0,0,0,0,0,0,0,0,0,29959,12798,5600,5081,29967,29969,29969,29971,29971,29972,29971,29972,29978,29979,29979,29980,29980,29980,29980,29979,29980,29981,29981,29982,29982,29980,29980,29981,29981,29982]} 1. e4 c6 2. d4 d5 3. e5 Bf5 4. h4 h5 5. Bd3 $146 (5. c4 e6 6. Nc3 Bb4 7. cxd5 cxd5 8. Bg5 Ne7 9. Bd3 Bxc3+ 10. bxc3 Qc7 11. Ne2 Nd7 12. Bxf5 Nxf5 13. O-O f6 14. exf6 gxf6 {½-½ (40) Sjugirov,S (2661)-Riazantsev,A (2653) Sochi 2019}) 5... Bxd3 6. Qxd3 {Black should prevent e6. B12: Caro-Kann: Advance Variation} Qa5+ 7. c3 {aiming for e6!} e6 8. Bg5 {White has an edge.} c5 9. Nd2 Nc6 10. Ne2 cxd4 11. cxd4 Nh6 12. O-O (12. Bxh6 $5 Rxh6 13. O-O $14) 12... Nf5 13. Nb3 Qb6 14. Nc3 Nb4 (14... Ncxd4 $2 15. Nxd4 Nxd4 16. Be3 $18) (14... Nfxd4 15. Be3 $16) 15. Qe2 (15. Qd2 {with more complications.} Rc8 16. Rac1 Rc4 17. Rfd1 a6 18. Na4) 15... Nc6 16. Rfd1 a6 ({Wrong is} 16... Ncxd4 $2 17. Nxd4 Nxd4 18. Rxd4 $1 $18 {[%mdl 512]}) 17. Rac1 Be7 ({Don't go for} 17... Nfxd4 $2 18. Nxd4 Nxd4 19. Qe3 $18) 18. Qd2 Bb4 ({Black should play} 18... Nxh4 $15 19. Bxe7 Nxe7) 19. Qd3 Bxc3 20. bxc3 Na5 ({Black should try} 20... Qb5 $11) 21. Rb1 $14 Nxb3 22. Rxb3 Qc6 23. Rdb1 b5 24. a4 O-O 25. axb5 axb5 26. Rxb5 Ra3 27. Rb8 {White wants to mate with Rxf8+.} Rc8 28. Bd2 Qc7 29. R8b7 Qd8 30. g3 Qe8 31. Kg2 Ra2 32. R1b3 Qa4 33. Rb8 Rxb8 34. Rxb8+ Kh7 35. Qe2 (35. Bf4 $14) 35... Nh6 $11 {Threatens to win with ...Qc2.} 36. Qd3+ Nf5 {Hoping for ...Qd1.} 37. Bg5 Qc2 38. Qf3 Kg6 39. Rh8 {[%csl Gh8][%cal Rf3h5]} Qe4 $1 40. Bf4 $132 {[%mdl 2048] White is not keeping still} Qxf3+ 41. Kxf3 {[%mdl 4096] Endgame KRB-KRN} Rc2 42. g4 {[%csl Gh8][%cal Rg4h5]} Rxc3+ 43. Be3 $1 {[%csl Gh8][%cal Rg4h5]} Nxd4+ (43... Nxh4+ $2 44. Kg3 $18) 44. Kf4 {Played: Kf3-g2} 1-0

[Event "Saint Louis Invitational-B 2019"]
[Site "Saint Louis"]
[Date "2019.11.23"]
[Round "5.2"]
[White "Polgar-Shutzman, Tom"]
[Black "Torres Rosas, Luis Carlos"]
[Result "0-1"]
[WhiteElo "2234"]
[BlackElo "2360"]
[Annotator "TA"]
[PlyCount "104"]
[EventDate "2019.11.21"]
[EventType "tourn"]
[EventCountry "USA"]
[SourceTitle "playchess.com"]
[Source "ChessBase"]
[SourceQuality "1"]

{[%evp 9,104,15,27,20,26,10,2,20,8,0,0,0,0,0,3,0,0,0,0,0,0,-64,-55,-44,-58,-44,-36,-106,-76,-91,-97,-162,-3,-13,0,-14,0,-44,0,0,0,-148,-156,-150,-150,-175,-157,-210,-206,-201,-189,-189,-191,-206,-128,-122,-114,-223,-175,-175,-179,-284,-270,-296,-138,-179,-179,-217,-206,-220,-219,-355,-370,-409,-403,-464,-454,-584,-597,-865,-864,-934,-914,-1122,-1122,-1318,-1146,-1584,-1556,-2471,-2560,-29965,-29966,-29967,-29951,-29996,-5945]} 1. e4 c5 2. Nf3 d6 3. Bb5+ Nd7 4. O-O a6 5. Bd3 Ngf6 6. c3 $146 {B51: Sicilian: Moscow Variation (3 Bb5+) without 3...Bd7} ({Predecessor:} 6. Re1 e6 7. c3 b5 8. a4 Bb7 9. Bc2 {1-0 (25) Vachier Lagrave,M (2796)-Giri,A (2771) Stavanger 2017}) 6... b5 7. Re1 c4 8. Bc2 {The position is equal.} Bb7 9. a4 e6 10. d4 cxd3 11. Qxd3 Nc5 12. Qe2 bxa4 13. e5 dxe5 14. Nxe5 Be7 15. Rxa4 ({Only move:} 15. Be3 $1 $11) 15... Qd5 {[%csl Gb7][%cal Rd5g2]} 16. f3 {Threatens to win with Rd1.} Nxa4 17. Bxa4+ Kf8 18. c4 (18. b4 $15 Qd8 19. Kh1) 18... Qd6 19. Kh1 Kg8 20. b4 (20. Nc3 $17) 20... Rf8 $2 (20... Qxb4 $19 21. Ba3 Qxa4 22. Bxe7 Qe8) 21. c5 $11 Qd4 22. Bd2 $1 Nd5 23. Bd7 Bf6 {[#] Strongly threatening ...Qxe5.} 24. Nxf7 $1 {[%mdl 512]} Rxf7 25. Bxe6 {[#]} (25. Qxe6 $11 {was the only way to keep the balance.} Nc7 26. Qe8+ $1 {[%mdl 512]} Rf8 27. Be6+ Nxe6 28. Qxe6+ Rf7 29. c6 Bxc6 30. Qc8+ (30. Qxc6 h6 $15) 30... Rf8 31. Qe6+ Rf7 32. Qc8+ (32. Qxc6 h6 $15) 32... Rf8 33. Qe6+ Rf7) 25... Nc7 $1 $17 {[%cal Rc7e6]} 26. Bc3 Qd8 27. Bxf7+ Kxf7 28. Rd1 (28. Bxf6 $17 Qxf6 29. Nc3) 28... Re8 $19 29. Qc4+ Bd5 30. Qf4 Qe7 31. h3 Ne6 32. Qf5 Bb3 33. Qh5+ (33. Bxf6 $17 {is a better defense.} Qxf6 34. Rd7+ Re7 35. Qd3) 33... Kf8 34. Re1 Nf4 {( -> ...Qxe1+)} 35. Rxe7 (35. Qxh7 $142 Qxe1+ 36. Bxe1 Rxe1+ 37. Kh2) 35... Nxh5 36. Ra7 Bc4 (36... Bg5 $19 {and Black stays clearly on top. Hoping for ...Rd8.} 37. g4 Nf6) 37. Bxf6 Nxf6 38. Nc3 Rb8 39. c6 Rc8 40. Na4 (40. b5 $142 axb5 41. Rb7) 40... Rxc6 41. Nc5 Rb6 42. f4 Rxb4 43. Ra8+ Ke7 44. Ra7+ Kd6 45. Nb7+ Kc7 46. Na5+ Kb6 {[%mdl 64] Double Attack} 47. Rxg7 Kxa5 48. Kh2 Bd5 49. g4 Rxf4 50. Kg3 Rf3+ {Black mates.} 51. Kh4 Be4 52. g5 Rf4+ {Accuracy: White = 36%, Black = 71%.} 0-1

[Event "Saint Louis Invitational-B 2019"]
[Site "Saint Louis"]
[Date "2019.11.23"]
[Round "5.3"]
[White "Gauri, Shankar"]
[Black "Kiewra, Keaton"]
[Result "1-0"]
[WhiteElo "2340"]
[BlackElo "2372"]
[Annotator "TA"]
[PlyCount "147"]
[EventDate "2019.11.21"]
[EventType "tourn"]
[EventCountry "USA"]
[SourceTitle "playchess.com"]
[Source "ChessBase"]
[SourceQuality "1"]

{[%evp 9,147,-17,5,2,29,0,0,0,-1,-2,15,-2,20,25,89,91,96,81,91,94,100,92,92,86,90,93,97,84,87,91,80,79,85,92,143,138,142,94,106,50,82,84,172,171,159,158,221,129,162,129,183,179,204,183,250,212,254,256,308,304,541,559,522,485,497,473,343,268,482,392,549,549,538,521,414,511,520,279,226,0,526,527,478,413,29963,385,356,0,29965,29964,29971,29972,29972,29973,29972,29968,5177,827,775,758,702,681,615,609,485,315,1120,1124,29974,12812,6226,6095,5306,1614,29984,29985,29985,29986,29986,29987,29986,29985,29989,29990,29990,29990,29990,29991,29993,29991,29991,29991,29991,29992,29992,29990,29993,29994,29994,29992]} 1. Nf3 d5 2. c4 d4 3. b4 f6 4. d3 e5 5. a3 a5 6. b5 {A09: Réti Opening: 1 Nf3 d5 2 c4} Bg4 (6... Ne7 7. e3 dxe3 8. fxe3 Nf5 9. g4 Nd6 10. Rg1 Be6 11. Qc2 Nd7 12. d4 {½-½ (33) Ding,L (2777)-Giri,A (2772) Wenzhou 2017}) 7. h3 $146 ({Predecessor:} 7. e3 Bc5 8. Be2 Ne7 9. Nxd4 Bxd4 10. Bxg4 Bxa1 11. Qc2 Nd7 12. O-O {1-0 (34) Johansen,D (2370)-Chan,K (2183) Melbourne 2016}) 7... Bh5 8. e3 {The position is equal.} dxe3 9. Bxe3 Nd7 10. Be2 Bc5 11. d4 Ba7 (11... exd4 $11 {keeps the balance.} 12. Nxd4 Bxe2 13. Qxe2 Bxd4 14. Bxd4+ Qe7) 12. Nc3 $36 {[%mdl 2048] White is in control.} Ne7 13. dxe5 Bxe3 14. fxe3 Bxf3 15. Bxf3 Nxe5 16. Bxb7 Rb8 17. Bd5 Nxd5 18. cxd5 O-O 19. O-O Re8 20. Qd4 Qe7 21. a4 Nf7 (21... Nd7 $142) 22. Rfe1 Rbd8 23. e4 Qd6 24. Rab1 (24. Rad1 $16) 24... Ng5 25. Re3 Ne6 {[#]} (25... Qb6 $16 26. Qxb6 cxb6) 26. Qc4 $1 $18 Ng5 27. Rbe1 Nf7 (27... h6 $16 28. Nb1 Qb4 29. Qxb4 (29. Qxc7 Qxa4 30. Nc3 Qd4 $16) 29... axb4) 28. Nd1 (28. Ne2 $18) 28... Qb6 $16 29. Nf2 Ne5 (29... Rd7 $16 30. Rc3 f5) 30. Qb3 Kh8 31. Kh1 Nd7 (31... h6 $142 32. Nd3 Nxd3 33. Qxd3 Re7) 32. Qc3 $18 Re7 33. Nd3 Rde8 34. e5 Nxe5 $2 (34... Qb7 35. e6 (35. Qxa5 fxe5 36. Qc3 Qxd5 $18) 35... Nb6) 35. Nxe5 fxe5 36. Rxe5 Rxe5 37. Rxe5 {[%cal Re5e8][%mdl 4096] Endgame KQR-KQR} Rf8 38. Qe3 Qf6 $2 (38... Rf1+ 39. Kh2 Qd6) 39. Re8 {Qe5 is the strong threat.} h6 (39... Kg8 $142 40. Re7 Rf7) 40. Rxf8+ Qxf8 {KQ-KQ} 41. Qe5 Qc5 42. Qe8+ Kh7 43. Qe4+ Kh8 44. Qe8+ $2 (44. Qe5) 44... Kh7 45. Qc6 Qe7 {intending ...Qe1+.} 46. Qc3 Qf7 (46... h5 $18 47. Qxa5 Qe5) 47. Kg1 $2 (47. Qd3+ {mates} Kh8 48. d6 Qd7 49. Qd5 cxd6 50. b6 Qe7 51. Qxa5 Qe4 52. Qb5) 47... Qe7 48. Kh1 $2 ({Less strong is} 48. Qxa5 Qe3+ 49. Kf1 Qc1+ 50. Ke2 Qc4+ 51. Ke3 Qc5+ 52. Ke4 Qc2+ 53. Ke5 Qe2+ 54. Kf5 Qh5+ 55. Ke4 Qe2+ 56. Kd4 Qf2+ 57. Kd3 Qf5+ 58. Kc3 Qe5+ 59. Kc4 Qe4+ 60. Kc5 Qc2+ 61. Kd4 Qf2+ 62. Kd3 Qf5+ 63. Ke2 Qh5+ 64. Kf2 Qh4+ 65. Kf3 Qh5+ 66. Kf2 Qh4+ 67. Kf3 Qh5+ 68. Kf2 $16) (48. Qd3+ $18 Kg8 {[#]} 49. d6 $1 {[%mdl 512]} cxd6 50. Qd4) 48... Qf7 $1 {If only Black now had time for ...Qf1+....} 49. Qd3+ Kh8 50. d6 Qd7 {[#]} 51. dxc7 $3 {[%mdl 512]} Qxc7 52. Qd4 Qc1+ 53. Kh2 (53. Qg1 $142 Qc8 54. Qb1) 53... Qc7+ 54. Kg1 Qc1+ 55. Kf2 Qc2+ 56. Kf3 Qb3+ 57. Kf4 Kg8 $2 (57... Qf7+ 58. Kg3 Qc7+ 59. Qf4 Qb6 60. Qf8+ Kh7) 58. Ke5 {And now Qd5+ would win.} Qb1 59. b6 (59. Qd5+ $142 Kf8 60. Kd6 h5 61. Qxh5 g5 62. Qh6+ Kf7 63. Qxg5 Qb4+ 64. Qc5 Qf4+ 65. Qe5 Qb4+ 66. Kc7 Qc4+ 67. Kb8) 59... Kh8 60. Kd6 Kh7 61. g4 (61. Kc7 $142 Qc2+ 62. Kb8) 61... Qb3 62. Qe4+ {White mates.} Kh8 63. b7 Qb6+ 64. Kd7 Qa7 65. h4 g5 66. h5 Kg7 67. Qg6+ Kf8 68. Qxh6+ Kf7 69. Qg6+ Kf8 70. Qf6+ Kg8 71. Qxg5+ Kh7 72. Kc8 Qd4 73. Qg6+ Kh8 74. Qe8+ {Accuracy: White = 68%, Black = 40%.} 1-0